Normal view
MARC view
- Culture conflict in literature
Entry Topical Term
001 - CONTROL NUMBER
- control field: 90786
003 - CONTROL NUMBER IDENTIFIER
- control field: NUST
005 - DATE AND TIME OF LATEST TRANSACTION
- control field: 20220401100706.0
008 - FIXED-LENGTH DATA ELEMENTS
- fixed length control field: 220401|| aca||aabn | a|a d
040 ## - CATALOGING SOURCE
- Original cataloging agency: NUST
- Transcribing agency: NUST
150 ## - HEADING--TOPICAL TERM
- Topical term or geographic name entry element: Culture conflict in literature
670 ## - SOURCE DATA FOUND
- Source citation: Work cat.: (NUST)173161: edited by Peter Childs 90783, E. M. Forster's, A passage to India, 2002.
